| 000 | 00651nam a2200205 i 4500 | ||
|---|---|---|---|
| 001 | 43332 | ||
| 003 | ES-MaACL | ||
| 005 | 20230906160756.0 | ||
| 007 | t| | ||
| 008 | 030317s1973 sp ||||1| spa d | ||
| 100 | 1 |
_aCatalinas Calleja, José Luis. _937042 |
|
| 245 | 1 | 3 |
_aLa Primera República _b: reformismo y revolución social / _cJosé Luis Catalinas Calleja y Javier Echenagusia. |
| 260 |
_a[Madrid] : _bAlberto Corazón, _c[1973] |
||
| 300 |
_a514 p. ; _c21 cm. |
||
| 490 | 1 | _aComunicación | |
| 700 | 1 |
_aEchenagusia, Javier. _946529 |
|
| 830 | 0 |
_aComunicación _9180895 |
|
| 852 |
_aES-MaACL _jC-54803 _bR.87157 |
||
| 999 |
_c43332 _d43332 |
||